| 000 | 00393cam a2200157ua 4500 | ||
|---|---|---|---|
| 041 |
_aeng _h |
||
| 082 |
_a501 _bHOG/SC |
||
| 100 | _aHogben, Lancelot . | ||
| 245 |
_aScience for the citizen / _cLancelot Hogben. _hTextual Documents |
||
| 250 |
_a4 / _b. |
||
| 260 |
_aLondon : _bGeorge Allen & Unwin Ltd , _c1959. |
||
| 300 | _a1162 ; . | ||
| 504 | _a | ||
| 942 | _cBK | ||
| 999 |
_c9970 _d9970 |
||